[Event "CZE-chT2F 2223"]
[Site "Czech Republic"]
[Date "2023.02.19"]
[Round "9"]
[White "Schoupal, Patrik"]
[Black "Nytra, Petr"]
[Result "1-0"]
[WhiteElo "1947"]
[BlackElo "1999"]
[PlyCount "93"]
[EventDate "2022.10.16"]
[EventType "team-tourn"]
[EventRounds "11"]
[EventCountry "CZE"]
[SourceTitle "EXT 2024"]
[Source "ChessBase"]
[SourceDate "2023.10.10"]
[SourceVersion "1"]
[SourceVersionDate "2023.10.10"]
[SourceQuality "1"]
[WhiteTeam "Trinec II"]
[BlackTeam "Orlova Slavia II"]
[WhiteTeamCountry "CZE"]
[BlackTeamCountry "CZE"]

1. e4 c5 2. d4 cxd4 3. c3 d3 4. Bxd3 d5 5. Bb5+ Bd7 6. Bxd7+ Qxd7 7. Qxd5 Nf6 8. Qxd7+ Nbxd7 9. f3 Ne5 10. Nh3 e6 11. b3 Bc5 12. Ba3 Bb6 13. Ke2 0-0-0 14. Rd1 Rxd1 15. Kxd1 Rd8+ 16. Ke2 Rd3 17. Bc1 Rd7 18. Na3 h6 19. Nc2 g5 20. Be3 Rd3 21. Bd4 Bxd4 22. cxd4 Rc3 23. dxe5 Rxc2+ 24. Kd3 Rxg2 25. exf6 Rxh2 26. Ng1 e5 27. Ne2 Rh3 28. Ke3 Kd7 29. Rg1 Ke6 30. Kf2 Rh2+ 31. Rg2 Rh1 32. Nc3 Kxf6 33. Nd5+ Ke6 34. Kg3 h5 35. Rc2 h4+ 36. Kg2 Ra1 37. a4 f5 38. Nc7+ Kf6 39. exf5 Kxf5 40. Nb5 Rb1 41. Nd6+ Kf4 42. Re2 h3+ 43. Kf2 g4 44. Re4+ Kg5 45. Rxg4+ Kh5 46. Kg3 Rxb3 47. Nf7 1-0

[Event "CZE-chT2F 2223"]
[Site "Czech Republic"]
[Date "2022.10.16"]
[Round "1"]
[White "Omamik, Pavel"]
[Black "Schoupal, Patrik"]
[Result "1/2-1/2"]
[WhiteElo "2021"]
[BlackElo "1960"]
[PlyCount "141"]
[EventDate "2022.10.16"]
[EventType "team-tourn"]
[EventRounds "11"]
[EventCountry "CZE"]
[SourceTitle "EXT 2024"]
[Source "ChessBase"]
[SourceDate "2023.10.10"]
[SourceVersion "1"]
[SourceVersionDate "2023.10.10"]
[SourceQuality "1"]
[WhiteTeam "Koprivnice Tatra"]
[BlackTeam "Trinec II"]
[WhiteTeamCountry "CZE"]
[BlackTeamCountry "CZE"]

1. d4 d5 2. e3 Nf6 3. Nf3 c6 4. Bd3 Bg4 5. Nbd2 Nbd7 6. h3 Bh5 7. g4 Bg6 8. Ne5 Bxd3 9. cxd3 e6 10. f4 Be7 11. Ndf3 Rc8 12. Bd2 Qb6 13. Bc3 Nxe5 14. Nxe5 Nd7 15. Qf3 Nf8 16. Qf2 Ng6 17. Nf3 c5 18. f5 cxd4 19. Bxd4 Qb4+ 20. Kf1 0-0 21. fxg6 fxg6 22. Bc3 Qb5 23. Qe2 Rxf3+ 24. Qxf3 Rf8 25. Qxf8+ Kxf8 26. Ke2 Bf6 27. Bxf6 gxf6 28. b3 e5 29. Rac1 e4 30. Rc3 Qa5 31. Rc2 Qa6 32. Rd1 Kg7 33. Rdd2 Kh6 34. Kf2 f5 35. gxf5 gxf5 36. dxe4 dxe4 37. Rd5 Kg5 38. a4 Qb6 39. Rb5 Qd6 40. Rcc5 Qd2+ 41. Kf1 Qd1+ 42. Kg2 Qe2+ 43. Kh1 Qf3+ 44. Kh2 Kh4 45. Rxf5 Qxh3+ 46. Kg1 Qxe3+ 47. Kf1 h6 48. Rf7 Qd3+ 49. Kg2 Qg3+ 50. Kf1 Qh3+ 51. Ke1 Qe3+ 52. Kf1 b6 53. Rf2 Qd3+ 54. Kg2 Qh3+ 55. Kg1 Qg3+ 56. Rg2 Qe3+ 57. Kh2 Qf4+ 58. Kg1 e3 59. Rh2+ Kg3 60. Rbh5 Qd6 61. R2h3+ Kf4 62. R5h4+ Kf5 63. Rxe3 Qd1+ 64. Kf2 Qd2+ 65. Kf3 Qd1+ 66. Kf2 Qc2+ 67. Kg3 Qc1 68. Rf4+ Kg5 69. Re5+ Kg6 70. Re6+ Kg5 71. Re5+ 1/2-1/2

[Event "CZE-chT2F 2122"]
[Site "Czech Republic"]
[Date "2021.12.19"]
[Round "5.8"]
[White "Sebesta, Jan"]
[Black "Schoupal, Patrik"]
[Result "1-0"]
[WhiteElo "1800"]
[BlackElo "1999"]
[PlyCount "41"]
[EventDate "2021.10.17"]
[EventType "team-tourn"]
[EventRounds "11"]
[EventCountry "CZE"]
[SourceTitle "EXT 2024"]
[Source "ChessBase"]
[SourceDate "2023.10.10"]
[SourceVersion "1"]
[SourceVersionDate "2023.10.10"]
[SourceQuality "1"]
[WhiteTeam "Orlova Slavia II"]
[BlackTeam "Trinec II"]
[WhiteTeamCountry "CZE"]
[BlackTeamCountry "CZE"]

1. e4 e5 2. Nf3 Nc6 3. Bb5 f5 4. d3 fxe4 5. dxe4 Nf6 6. 0-0 d6 7. Re1 Be7 8. Nbd2 a6 9. Bxc6+ bxc6 10. c4 0-0 11. b3 Bg4 12. Qc2 Qd7 13. Bb2 Nh5 14. Re3 Nf4 15. c5 Rf6 16. Ne1 Raf8 17. f3 Bh3 18. g3 Qg4 19. Qc4+ Kh8 20. fxg4 Ne2+ 21. Qxe2 1-0

[Event "CZE-chT2F 2122"]
[Site "Czech Republic"]
[Date "2021.12.05"]
[Round "4.8"]
[White "Schoupal, Patrik"]
[Black "Tvrdy, Petr"]
[Result "1-0"]
[WhiteElo "1992"]
[BlackElo "1866"]
[PlyCount "55"]
[EventDate "2021.10.17"]
[EventType "team-tourn"]
[EventRounds "11"]
[EventCountry "CZE"]
[SourceTitle "EXT 2024"]
[Source "ChessBase"]
[SourceDate "2023.10.10"]
[SourceVersion "1"]
[SourceVersionDate "2023.10.10"]
[SourceQuality "1"]
[WhiteTeam "Trinec II"]
[BlackTeam "Dobra Sokol"]
[WhiteTeamCountry "CZE"]
[BlackTeamCountry "CZE"]

1. e4 c5 2. d4 cxd4 3. c3 dxc3 4. Nxc3 a6 5. Bc4 e6 6. Nf3 b5 7. Bb3 d6 8. 0-0 Be7 9. Qe2 Nf6 10. e5 dxe5 11. Rd1 Qb6 12. Be3 Qb7 13. Rac1 Nc6 14. Na4 0-0 15. Nc5 Bxc5 16. Bxc5 Re8 17. Nxe5 Na5 18. Bc2 Nd5 19. Qh5 Nf6 20. Qh4 h6 21. b3 Nd5 22. Rd3 f5 23. Rg3 Kh7 24. Qh5 Re7 25. Qg6+ Kh8 26. Bxe7 Qxe7 27. Nf7+ Kg8 28. Qxg7# 1-0

[Event "CZE-chT2F 1819"]
[Site "Czech Republic"]
[Date "2018.12.16"]
[Round "5.7"]
[White "Maj, Svatopluk"]
[Black "Schoupal, Patrik"]
[Result "1/2-1/2"]
[WhiteElo "1890"]
[BlackElo "2030"]
[PlyCount "111"]
[EventDate "2018.10.14"]
[EventType "team-tourn"]
[EventRounds "11"]
[EventCountry "CZE"]
[SourceTitle "EXT 2022"]
[Source "ChessBase"]
[SourceDate "2021.10.06"]
[SourceVersion "1"]
[SourceVersionDate "2021.10.06"]
[SourceQuality "1"]
[WhiteTeam "Vrbno pod Pradedem"]
[BlackTeam "Trinec II"]
[WhiteTeamCountry "CZE"]
[BlackTeamCountry "CZE"]

1. c4 Nf6 2. Nc3 g6 3. e4 d6 4. d4 Bg7 5. Be2 0-0 6. Nf3 e5 7. 0-0 Nc6 8. d5 Ne7 9. Ne1 Ne8 10. Be3 f5 11. f3 f4 12. Bf2 h5 13. b4 Rf7 14. c5 Bf8 15. Rc1 Rg7 16. cxd6 cxd6 17. Nb5 a6 18. Nc3 g5 19. Na4 b5 20. Nb6 Rb8 21. Nxc8 Rxc8 22. Kh1 Ng6 23. a4 Rxc1 24. Qxc1 Rc7 25. Qa3 Qb8 26. axb5 axb5 27. Qa5 Rb7 28. Bd3 Be7 29. Nc2 Bd8 30. Qa3 g4 31. Ra1 gxf3 32. gxf3 Qc8 33. Qa8 Rb8 34. Qa7 Bc7 35. Kg2 Ne7 36. Qa6 Kf7 37. Bxb5 Qxa6 38. Bxa6 Bb6 39. Bd3 Nc8 40. b5 Bxf2 41. Kxf2 Nc7 42. Ra5 Ra8 43. Rxa8 Nxa8 44. Ke2 Nab6 45. Na3 Na4 46. Kd2 Kf6 47. h4 Ke7 48. Kc2 Kd7 49. Bf1 Ne7 50. Bh3+ Kc7 51. Be6 Ng6 52. Bf7 Nxh4 53. Bxh5 Ng2 54. Nc4 Nb6 55. Kc3 Nxc4 56. Kxc4 1/2-1/2

[Event "CZE-chT2F 1213"]
[Site "Czech Republic"]
[Date "2013.02.03"]
[Round "8.28"]
[White "Tomeckova, Aneta"]
[Black "Schoupal, Patrik"]
[Result "0-1"]
[WhiteElo "1789"]
[BlackElo "2067"]
[PlyCount "56"]
[EventDate "2012.10.14"]
[EventType "team-tourn"]
[EventRounds "11"]
[EventCountry "CZE"]
[SourceTitle "EXT 2016"]
[Source "ChessBase"]
[SourceDate "2015.10.08"]
[SourceVersion "1"]
[SourceVersionDate "2015.10.08"]
[SourceQuality "1"]
[WhiteTeam "Postoupky"]
[BlackTeam "Trinec II"]
[WhiteTeamCountry "CZE"]
[BlackTeamCountry "CZE"]

1. e4 e5 2. Nf3 Nc6 3. Bb5 a6 4. Ba4 Nf6 5. 0-0 Ng4 6. c3 Bc5 7. d4 Ba7 8. h3 h5 9. Bxc6 dxc6 10. Nxe5 Nxe5 11. dxe5 Qh4 12. Qf3 Bg4 13. Qf4 0-0-0 14. Be3 g5 15. Qxg5 Qxg5 16. Bxg5 Rdg8 17. Bf6 Bf3 18. g4 Rh6 19. Nd2 hxg4 20. h4 Be2 21. Rfe1 Bd3 22. Nf1 g3 23. Ne3 Bxe4 24. Bg5 Rxg5 25. fxg3 Rxg3+ 26. Kh2 Rgg6 27. Kh3 Bxe3 28. Rxe3 Bf5+ 0-1

[Event "CZE-chT2F 1112"]
[Site "Czech Republic"]
[Date "2012.02.19"]
[Round "8.65"]
[White "Splichal, Stanislav"]
[Black "Schoupal, Patrik"]
[Result "1-0"]
[WhiteElo "2195"]
[BlackElo "2089"]
[PlyCount "63"]
[EventDate "2011.10.09"]
[EventType "team-tourn"]
[EventRounds "11"]
[EventCountry "CZE"]
[SourceTitle "EXT 2013"]
[Source "ChessBase"]
[SourceDate "2012.11.22"]
[SourceVersion "1"]
[SourceVersionDate "2012.11.22"]
[SourceQuality "1"]
[WhiteTeam "Ostrava Mittal"]
[BlackTeam "Trinec II"]
[WhiteTeamCountry "CZE"]
[BlackTeamCountry "CZE"]

1. d4 Nf6 2. Nf3 c5 3. d5 b5 4. Bg5 Qb6 5. Bxf6 Qxf6 6. e4 Qxb2 7. Nbd2 a6 8. a4 g6 9. axb5 Bg7 10. Rb1 Qc3 11. b6 Bb7 12. Bd3 0-0 13. 0-0 a5 14. e5 Bxd5 15. Ne4 Qa3 16. Ra1 Qb4 17. Rb1 Qa3 18. c4 Bc6 19. Rb3 Qa2 20. Nc3 Qxb3 21. Qxb3 a4 22. Qc2 Na6 23. Be4 Nb4 24. Qe2 Rfb8 25. Bxc6 Nxc6 26. Nd5 e6 27. Nf6+ Bxf6 28. exf6 h6 29. Qd2 Kh7 30. Qxd7 Nd8 31. Qd6 a3 32. Qf8 1-0

[Event "CZE-chT2F 1011"]
[Site "Czech Republic"]
[Date "2011.01.09"]
[Round "5.5"]
[White "Schoupal, Patrik"]
[Black "Slanina, Miroslav"]
[Result "1/2-1/2"]
[WhiteElo "2105"]
[BlackElo "2139"]
[PlyCount "124"]
[EventDate "2010.10.17"]
[EventType "team-tourn"]
[EventRounds "11"]
[EventCountry "CZE"]
[SourceTitle "EXT 2012"]
[Source "ChessBase"]
[SourceDate "2011.11.24"]
[SourceVersion "1"]
[SourceVersionDate "2011.11.24"]
[SourceQuality "1"]
[WhiteTeam "Trinec III"]
[BlackTeam "Dobra"]
[WhiteTeamCountry "CZE"]
[BlackTeamCountry "CZE"]

1. e4 c6 2. d4 d5 3. exd5 cxd5 4. c3 Nc6 5. Nf3 Bg4 6. Qb3 Qd7 7. Ne5 Nxe5 8. dxe5 a6 9. Na3 e6 10. Nb5 Rc8 11. a4 Be7 12. Nd4 Bc5 13. Bd3 Ne7 14. Be3 Bh5 15. 0-0 Bg6 16. Bxg6 hxg6 17. Rfe1 Nf5 18. Nxf5 gxf5 19. Bg5 Be7 20. Bxe7 Qxe7 21. Rad1 Rc4 22. Rd4 Rh4 23. Rxh4 Rxh4 24. Qb6 Rxa4 25. b3 Ra3 26. Rb1 Qd7 27. Qb4 Ra2 28. Qh4 Qe7 29. Qh8+ Qf8 30. Qh4 Qc5 31. c4 Rd2 32. cxd5 Qxd5 33. Qh8+ Ke7 34. Qh4+ Ke8 35. Qh8+ Kd7 36. h3 Rd1+ 37. Rxd1 Qxd1+ 38. Kh2 Qxb3 39. Qxg7 Ke7 40. Qf6+ Ke8 41. Qh8+ Kd7 42. Qf8 Qd5 43. Qxf7+ Kc6 44. Qe8+ Qd7 45. Qa8 Kb5 46. h4 Qf7 47. Qh8 a5 48. Qf6 Qh5 49. Qe7 b6 50. Qd7+ Ka6 51. Qd3+ Ka7 52. Qd7+ Ka6 53. Qd4 Kb5 54. f3 a4 55. Kh3 Qh6 56. g4 fxg4+ 57. fxg4 a3 58. g5 Qg6 59. Qd7+ Kb4 60. Qd6+ Ka4 61. Qd4+ Ka5 62. Qc3+ Ka4 1/2-1/2

[Event "CZE-chT1E 0910"]
[Site "Czech Republic"]
[Date "2010.04.11"]
[Round "11.7"]
[White "Mitura, Vaclav"]
[Black "Schoupal, Patrik"]
[Result "0-1"]
[WhiteElo "2194"]
[BlackElo "2105"]
[PlyCount "82"]
[EventDate "2009.11.15"]
[EventType "team-tourn"]
[EventRounds "11"]
[EventCountry "CZE"]
[SourceTitle "EXT 2011"]
[Source "ChessBase"]
[SourceDate "2010.11.26"]
[SourceVersion "1"]
[SourceVersionDate "2010.11.26"]
[SourceQuality "1"]
[WhiteTeam "Orlova Slavia"]
[BlackTeam "Trinec"]
[WhiteTeamCountry "CZE"]
[BlackTeamCountry "CZE"]

1. d4 Nf6 2. Nf3 c5 3. d5 g6 4. Nc3 Bg7 5. e4 d6 6. Be2 0-0 7. a4 e6 8. 0-0 exd5 9. exd5 Re8 10. Nd2 Nbd7 11. f4 Nb6 12. Bf3 Bd7 13. a5 Nc8 14. Nc4 Qc7 15. Ra3 b5 16. axb6 Nxb6 17. Na5 Rab8 18. h3 Kf8 19. Kh1 Ng8 20. Nc6 Bxc6 21. dxc6 Bxc3 22. Rxc3 Ne7 23. f5 Nxf5 24. Bd5 Re5 25. Ba2 Qxc6 26. Bf4 Nd7 27. Bxe5 Nxe5 28. Rxf5 gxf5 29. Bd5 Qa4 30. Qh5 Qf4 31. b3 Qc1+ 32. Kh2 Rb4 33. Qxh7 Rd4 34. Bc4 Nxc4 35. bxc4 Qf4+ 36. Rg3 Rxc4 37. Qh8+ Ke7 38. Qc8 Rc3 39. Qc7+ Ke6 40. Qc8+ Kd5 41. Qb7+ Kd4 0-1